| 000 | 00730cab a22001935a 4500 | ||
|---|---|---|---|
| 001 | L151004 | ||
| 008 | 100922e2010 xxk 000 0 eng d | ||
| 035 | _a(Sirsi) u151004 | ||
| 041 | 0 | _aeng | |
| 100 | 1 | _aMcMeeken, Roxane | |
| 245 | 0 | 0 |
_aCrouching Tiger ... _btempted to get a foothold in China by buying a business there? |
| 260 | _c2010 | ||
| 490 |
_aBuilding _v275 (8646) 17 September 2010, 44-46(3) |
||
| 520 | _aThe Chinese construction market is booming; exploring the hidden dangers of acquiring a company in China, acquisition, due diligence, knowing your target, avoiding corruption; a case study in Shanghai. | ||
| 590 | _aKA | ||
| 651 | 4 | _aChina | |
| 690 | _aBUILT ENVIRONMENT-CONSTRUCTION MARKET | ||
| 942 | _n0 | ||
| 999 |
_c82680 _d82680 |
||